An introduction to mathematical logic / (Record no. 30819)
[ view plain ]
| 000 -LEADER | |
|---|---|
| fixed length control field | 00634nam a2200217 4500 |
| 001 - CONTROL NUMBER | |
| control field | 30819 |
| 003 - CONTROL NUMBER IDENTIFIER | |
| rucl marc code | BD-RjUL |
| 005 - DATE AND TIME OF LATEST TRANSACTION | |
| control field | 20211209051623.0 |
| 008 - FIXED-LENGTH DATA ELEMENTS--GENERAL INFORMATION | |
| fixed length control field | 140412s1969 nju 001 0 eng |
| 035 ## - SYSTEM CONTROL NUMBER | |
| System control number | (BD-RjUL)30906 |
| 040 ## - CATALOGING SOURCE | |
| Original cataloging agency | DLC |
| Transcribing agency | DLC |
| Modifying agency | BD-RjUL |
| Language of cataloging | eng |
| 041 ## - LANGUAGE CODE | |
| Language code of text/sound track or separate title | eng |
| 082 00 - DEWEY DECIMAL CLASSIFICATION NUMBER | |
| Classification number | 511.3 |
| Author mark and year | ROI 1969 |
| 100 1# - MAIN ENTRY--PERSONAL NAME | |
| Personal name | Robison, Gerson B., |
| Dates associated with a name | 1909- |
| 9 (RLIN) | 93618 |
| 245 13 - TITLE STATEMENT | |
| Title | An introduction to mathematical logic / |
| Statement of responsibility, etc. | Gerson B. Robison. |
| 260 ## - PUBLICATION, DISTRIBUTION, ETC. (IMPRINT) | |
| Place of publication, distribution, etc. | Englewood Cliffs, N.J., : |
| Name of publisher, distributor, etc. | Prentice-Hall , |
| Date of publication, distribution, etc. | 1969 |
| 300 ## - PHYSICAL DESCRIPTION | |
| Pagination | xi, 212 p. : |
| Size | 24 cm. |
| 650 #0 - SUBJECT ADDED ENTRY--TOPICAL TERM | |
| Topical term or geographic name as entry element | Logic, Symbolic and mathematical. |
| 9 (RLIN) | 93619 |
| 942 ## - ADDED ENTRY ELEMENTS (KOHA) | |
| Source of classification or shelving scheme | Dewey Decimal Classification |
| Koha item type | Books |
| Lost status | Source of classification or shelving scheme | Damaged status | Not for loan | Collection code | Permanent Location | Current Location | Shelving location | Date acquired | Source of acquisition | Cost, normal purchase price | Total Checkouts | Full call number | Date last seen | Copy number | Koha item type |
|---|---|---|---|---|---|---|---|---|---|---|---|---|---|---|---|
| Dewey Decimal Classification | Non-fiction | Central Library, University of Rajshahi | Central Library, University of Rajshahi | 03/04/1974 | Euro, B. D News Agency | 72.00 | 511.3 ROI 1969 | 12/04/2014 | C-2 | Books | |||||
| Dewey Decimal Classification | Not For Loan | Non-fiction | Central Library, University of Rajshahi | Central Library, University of Rajshahi | Reading Room | 03/04/1974 | Euro-pak news agency, Dacca. | 72.00 | 511.3 ROI 1969 | 03/12/2016 | C-1 | Books |